000 00389nam a2200145Ia 4500
008 150201s1993 xx 000 0 und d
082 _a610
_bM93D
100 _aDOWNIE , PATRICIA A.
245 _aCASH,S TB. OF GENERAL MEDICAL & SURGICAL CONDITIONN FOR PHYSIOTHERAPISTS
250 _a2ND
260 _bJAYPEE
_aINDIA
_c1993
300 _a1-562
650 _aMEDICINE
942 _2ddc
_cBK
_012
999 _c1499
_d1499